000 00472nam a2200169Ia 4500
008 240729s9999 xx 000 0 und d
022 _a2715-5641
245 0 _aAsian Journal of Science Education
260 _aIndonesia
260 _bUniversitas Syiah Kuala
650 _a Education (General)
650 _a Science (General) | Education
650 _aScience
856 _uhttps://doaj.org/toc/0537aaf7c7474680a08fadf3a8b93fdf
942 _2ddc
942 _cDOAJEJ
999 _c67973
_d67973
945 _a1
_bMadushi Gamage
_c1
_dMadushi Gamage